| 000 | 01084cam a22003257a 4500 | ||
|---|---|---|---|
| 003 | CHAP | ||
| 005 | 20220329140040.0 | ||
| 008 | 971013s1955 r 00010 d | ||
| 010 | _a46208 | ||
| 011 | _a47180 | ||
| 035 | _a51322 | ||
| 040 | _cCHAP | ||
| 090 | _aFolleto 3697 | ||
| 100 | 0 | 0 |
_aUnión Panamericana. _9116248 |
| 245 | 1 | 4 |
_aLas civilizaciones antiguas del Viejo Mundo y de América _b: symposium sobre las civilizaciones de regadío |
| 260 |
_aWashington : _bUnión Panamericana, _c1955 |
||
| 300 | _a82 p. | ||
| 490 | 0 |
_aEstudios monográficos _v; 1 |
|
| 590 |
_aBATCH-UPD _b10 _c20130110 _lUCH01 _h0027 |
||
| 590 |
_aBATCH-UPD _b10 _c20130110 _lUCH01 _h2049 |
||
| 590 |
_aBATCH-UPD _b10 _c20130409 _lUCH01 _h2008 |
||
| 590 |
_aBATCH-UPD _b10 _c20130410 _lUCH01 _h1402 |
||
| 590 |
_aBATCH-UPD _b10 _c20130914 _lUCH01 _h1329 |
||
| 590 |
_aCONVERSION _b10 _c20130109 _lUCH01 _h1325 |
||
| 650 | 1 | 4 |
_aIrrigación _xHistoria. _960416 |
| 830 | 0 |
_aEstudios monográficos _v; 1 _938551 |
|
| 901 | _aBK | ||
| 942 | _cFOLL | ||
| 949 |
_aFolleto 3697 _bBC _cFOLL _d-114877 _eTS1 _i51322 _mD _si |
||
| 999 |
_c46208 _d46208 |
||